Statistiques concernant Noms de famille Harry Potter

Cliquez ici pour prendre le quiz!

Statistiques générales

  • Ce quiz a été pris 11 705 fois
    (10 878 depuis la dernière actualisation)
  • Le résultat moyen est 28 sur 31

Statistiques - réponses

PrénomsNoms de famille% Correct
HermioneGranger
100%
HarryPotter
100%
RonWeasley
99%
SeverusRogue
98%
SiriusBlack
97%
AlbusDumbledore
96%
BellatrixLestrange
96%
LunaLovegood
95%
RubeusHagrid
94%
TomJedusor
94%
NevilleLondubat
94%
RemusLupin
94%
DoloresOmbrage
94%
Fleur IsabelleDelacour
92%
DudleyDursley
92%
CedricDiggory
91%
LuciusMalefoy
91%
DragoMalefoy
91%
MinervaMcGonagall
90%
AlastorMaugrey
89%
CorneliusFudge
86%
GodricGryffondor
86%
GilderoyLockhart
86%
Bartemius (Barty)Croupton
85%
NickQuasi-Sans-Tête / De Mimsy-Porpington
82%
NicolasFlamel
80%
ArgusRusard
79%
VincentCrabbe
77%
GregoryGoyle
76%
PomonaChourave
75%
BertieCrochue
67%

Distribution des résultats

Percentile par nombre de réponses

% des personnes avec chaque résultat

Votre développement - résultats

Vous n’avez pas pris ce quiz depuis la dernière actualisation